Globalizácia a balenie - ekonomické a ekologické dôsledky
Účinky globalizácie a nová požiadavka na balenie. Požiadavky ekonomiky. Obmedzenie materiálovej náročnosti. Ekologické požiadavky. Výskum v oblasti obalových prostriedkov.
Enregistré dans:
| Auteur principal: | |
|---|---|
| Format: | Chapitre de livre |
| Langue: | slovaque |
| Sujets: | |
| Tags: |
Pas de tags, Soyez le premier à ajouter un tag!
|
MARC
| LEADER | 00000naa$a2200000$$$4500 | ||
|---|---|---|---|
| 001 | 0009583 | ||
| 005 | 20240502071355.3 | ||
| 041 | 0 | |a slo | |
| 044 | |a SK | ||
| 245 | 1 | 0 | |a Globalizácia a balenie - ekonomické a ekologické dôsledky |c aut. Igor Kačeňák |
| 520 | |a Účinky globalizácie a nová požiadavka na balenie. Požiadavky ekonomiky. Obmedzenie materiálovej náročnosti. Ekologické požiadavky. Výskum v oblasti obalových prostriedkov. | ||
| 610 | 2 | 0 | |a technika obalová |
| 610 | 2 | 0 | |a obaly |
| 610 | 2 | 0 | |a globalizácia |
| 610 | 2 | 0 | |a ochrana prostredia životného |
| 610 | 2 | 0 | |a ekológia |
| 610 | 2 | 0 | |a náročnosť výroby surovinová |
| 610 | 2 | 0 | |a spotrebitelia |
| 610 | 2 | 0 | |a znižovanie nákladov |
| 100 | 1 | |a Kačeňák, Igor | |